Region to country #3 - Statistics

General Stats
  • This quiz has been taken 18 times
    12 since last reset
  • The average score is 8 of 15
Answer Stats
Hint Answer % Correct
British Colombia Canada
100%
Dubai United Arab Emirates
100%
Texas USA
100%
Normandy France
92%
Noord-Holland Netherlands
92%
Algarve Portugal
92%
Funafuti Tuvalu
67%
Manawatu-Wanganui New Zealand
42%
Mashonaland Zimbabwe
42%
Al Daayen Qatar
33%
Mahabharat Nepal
25%
Cagayan Valley Philippines
25%
La Sierra Ecuador
17%
Veraguas Panama
8%
Jiwaka Papua New Guinea
8%
No matching quizzes found
Score Distribution
Percent of People with Each Score
Percentile by Number Answered
Your Score History
You have not taken this quiz since the last reset